[Event "FRA-ch op-D"]
[Site "Nancy"]
[Date "2013.08.12"]
[Round "1"]
[White "Graccione, Angele"]
[Black "Roux, Jean Marie"]
[Result "0-1"]
[WhiteElo "1499"]
[BlackElo "1336"]
[PlyCount "68"]
[EventDate "2013.08.11"]
[EventType "swiss"]
[EventRounds "11"]
[EventCountry "FRA"]
[SourceTitle "CBM 156 Extra"]
[Source "ChessBase"]
[SourceDate "2013.10.22"]
[SourceVersion "1"]
[SourceVersionDate "2013.10.22"]
[SourceQuality "1"]

1. e4 e5 2. Nf3 Nf6 3. d4 exd4 4. Bd3 c5 5. Bf4 Be7 6. Qe2 0-0 7. Nbd2 Nc6 8. e5 Nd5 9. Bg3 Re8 10. Bc4 Ndb4 11. 0-0-0 d6 12. h3 Bf5 13. a3 Nxc2 14. Nf1 Qb6 15. Ne1 Nxa3 16. Bd3 Bxd3 17. Nxd3 Nb5 18. f4 c4 19. Ne1 d3 20. Nxd3 cxd3 21. Rxd3 Rac8 22. Kd2 Ncd4 23. Qg4 Qa5+ 24. Ke3 Nc2+ 25. Kf3 dxe5 26. Nh2 Ncd4+ 27. Ke3 exf4+ 28. Bxf4 Bh4+ 29. Be5 Rxe5+ 30. Kf4 Rf5+ 31. Ke3 Re8+ 32. Qe4 Rxe4+ 33. Kxe4 Nd6+ 34. Kxd4 Qc5# 0-1